| 000 | 01202cam a22003615i 4500 | ||
|---|---|---|---|
| 999 |
_c14757 _d14757 |
||
| 003 | EG-ScBUE | ||
| 005 | 20201128020844.0 | ||
| 008 | 171109t20092009enka f d 001 0 eng d | ||
| 020 | _a9781408018606 | ||
| 040 |
_aEG-ScBUE _beng _erda _cEG-ScBUE _dEG-ScBUE |
||
| 082 | 0 | 4 |
_a330 _bMAN _222 |
| 100 | 1 |
_aMankiw, N. Gregory, _eeditor. _910263 |
|
| 245 | 1 | 0 |
_aPrinciples of economics / _cN. Gregory Mankiw. |
| 246 | 3 | 0 | _aEconomics |
| 250 | _aFifth edition. | ||
| 250 | _aMiddle East edition. | ||
| 264 | 1 |
_aHampshire : _bSouth-Western / Cengage Learu, _c[2009] |
|
| 264 | 4 | _cc2009 | |
| 300 |
_axxxi, 884 pages : _billustrations ; _c26 cm |
||
| 336 |
_atext _btxt _2rdacontent |
||
| 337 |
_aunmediated _bn _2rdamedia |
||
| 338 |
_avolume _bnc _2rdacarrier |
||
| 500 | _aIndex : p. 868-884. | ||
| 500 | _aGlossary : p. 849-855. | ||
| 520 | _aIn writing this textbook, Mankiw tried to put himself in the position of someone coming to economics for the first time. | ||
| 650 | 7 |
_aEconomics. _2BUEsh _9720 |
|
| 651 | _2BUEsh | ||
| 653 |
_bBUSECO _cAugust2015 _cNovember2017 _cDecember2017 |
||
| 653 | _cMarch2020 | ||
| 942 |
_2ddc _cBB |
||